| 000 | 00801cab a2200253 4500 | ||
|---|---|---|---|
| 001 | ABS55532 | ||
| 008 | 090401t1996 xxu||||| |||| 00| 0 eng d | ||
| 035 | _a(Sirsi) u17185 | ||
| 041 | _aeng | ||
| 100 | _aBrouwer, J | ||
| 245 | 4 | _aThe new village | |
| 260 | _c1996 | ||
| 350 | _a0 | ||
| 490 |
_aUrban Design Quarterly _v(59) July 1996, 12-14(3) |
||
| 520 | _aDiscusses the approach taken by designers for Cambourne Village - a new scheme on a greenfield site in Cambridgeshire. Considers the difficulties in establishing a `new` village. Diagrams. References. | ||
| 650 | _aCAMBOURNE | ||
| 650 | _aCAMBRIDGESHIRE | ||
| 650 | _aNEW SETTLEMENTS | ||
| 650 | _aNEW VILLAGES | ||
| 650 | _aVILLAGE DESIGN STATEMENTS | ||
| 690 | _aHOUSING-DEVELOPMENT | ||
| 942 | _n0 | ||
| 948 | _c04/03/1997 | ||
| 999 |
_c11396 _d11396 |
||